000 00651nam a22001937a 4500
999 _c170358
_d170358
005 20191213141854.0
010 _aENG-127128
020 _c1095.00
_a9789388881180
035 _aEN-110660
037 _bDBAD/PUB
082 _a333.72
245 _aA glimpse of geospatial technologies and applications /
_ced.by Narayan Chetry
260 _aAssam
_bEBH Publishers (an imprint of Eastern book House )
_c2019
270 _a136, M.L.Nehru Road, Panbazar
_bGuwahati
_e781001
_k2513876
_measternbookhouse.in
300 _axix;213p.
_c23cm(Hb)
500 _aIncludes index
700 _aChetry, Narayan
942 _2ddc
_cEN
_h333.72
_mAGL